LEADER 00875nam0-22002891i-450- 001 990001641120403321 005 20050407144641.0 035 $a000164112 035 $aFED01000164112 035 $a(Aleph)000164112FED01 035 $a000164112 100 $a20030910d1961----km-y0itay50------ba 101 0 $aita 200 1 $aEtude analytique et dosage de la vitamine B 12$eapplications aux produits pharmaceutiques$ethese...$fYoussef Ghaliouncghi 210 $aLe Caire$cImpr. DAR AL-MAAREF$d1961 215 $a80 p.$d24 cm 610 0 $aVitamine 610 0 $aFarmacologia 676 $a615.328 700 1$aGhaliouncghi,$bYoussef$0353512 801 0$aIT$bUNINA$gRICA$2UNIMARC 901 $aBK 912 $a990001641120403321 952 $a60 615 B 3$b39002$fFAGBC 959 $aFAGBC 996 $aEtude analytique et dosage de la vitamine B 12$9367964 997 $aUNINA LEADER 01017cam0-22003011i-450 001 990001755120403321 005 20211015160354.0 035 $a000175512 035 $aFED01000175512 035 $a(Aleph)000175512FED01 035 $a000175512 100 $a20030910d1876----km-y0itay50------ba 101 0 $aita 102 $aIT 105 $ay-------001yy 200 1 $aIntorno ai malumi sviluppati nella primavera sui piselli, sopra le susine e le mugnache e di un bruco sconosciuto che corrode le susine$fAntonio Bertoloni 210 $aBologna$c[s.e.]$d1876 215 $a6 p.$d21 cm 610 0 $aFitopatologia 676 $a581.2 700 1$aBertoloni,$bAntonio$f<1775-1869>$070070 801 0$aIT$bUNINA$gRICA$2UNIMARC 901 $aBK 912 $a990001755120403321 952 $a60 581.6 B 2/2$b545$fFAGBC 959 $aFAGBC 996 $aIntorno ai malumi sviluppati nella primavera sui piselli, sopra le susine e le mugnache e di un bruco sconosciuto che corrode le susine$91881381 997 $aUNINA